Countries with Penguins - Sudden Death - Statistics

General Stats
  • This quiz has been taken 126 times
  • The average score is 6 of 13
Answers on the Grid
Answers color-coded by a green-red scale on the quiz's grid according to % correct below.
New Zealand
Canada
Madagascar
Norway
Cuba
Brazil
Mongolia
Namibia
Sweden
Kosovo
Spain
Fiji
United Kingdom
Uruguay
Ireland
Mozambique
South Africa
Kenya
Australia
Tanzania
Chile
Colombia
Germany
Argentina
Ghana
Togo
Zimbabwe
Angola
Italy
Guatemala
Ecuador
Malaysia
 
Answer Stats
Answer % Correct
New Zealand
83%
South Africa
68%
Chile
64%
Argentina
58%
Australia
53%
Ecuador
44%
Namibia
36%
Mozambique
33%
United Kingdom
32%
Uruguay
32%
Norway
21%
Angola
20%
Brazil
15%
No matching quizzes found
Score Distribution
Percent of People with Each Score
Percentile by Number Answered
Your Score History
You have not taken this quiz